| 000 | 00340pam a2200133a 44500 | ||
|---|---|---|---|
| 008 | 230405s2008 xxu||||| |||| 00| 0 eng d | ||
| 041 | _aENG | ||
| 100 | _aGARRATT D C | ||
| 245 | _aTHE QUANTITATIVE ANALYSIS OF DRUGS | ||
| 250 | _a3 | ||
| 260 |
_aNEW YORK _bMARCEL DEKKER INC PUBLICATIONS NEW YORK _c2008 |
||
| 300 | _a925 | ||
| 906 | _a4563 | ||
| 999 |
_c279834 _d279834 |
||